Κατάλογος Βιβλιοθηκών Mediterranean College

Ανάπτυξη Επιχειρηματικού Σχεδίου για την Σύσταση της Επιχείρησης ''The Beacon of Gastronomy'' (Record no. 8568)

MARC details
000 -LEADER
fixed length control field 02082cam a22001934a 4500
005 - ΗΜΕΡΟΜΗΝΙΑ ΚΑΙ ΩΡΑ ΤΕΛΕΥΤΑΙΑΣ ΕΝΗΜΕΡΩΣΗΣ
Πεδίο ελέγχου 20250605164340.0
008 - FIXED-LENGTH DATA ELEMENTS--GENERAL INFORMATION
Πεδίο ελέγχου σταθερού μήκους 250528s ||||||||||||||||||||||||d
035 ## - SYSTEM CONTROL NUMBER
System control number 23567
040 ## - ΠΗΓΗ ΚΑΤΑΛΟΓΟΓΡΑΦΗΣΗΣ
Φορέας πρωτότυπης καταλογογράφησης MC Athens Campus Library
Γλώσσα καταλογογράφησης Ελληνικά, Μοντέρνα (1453-)
Modifying agency MC Athens Campus Library
Κανόνες περιγραφικής καταλογογράφησης AACR2
245 1# - ΤΙΤΛΟΣ ΚΑΙ ΔΗΛΩΣΗ ΥΠΕΥΘΥΝΟΤΗΤΑΣ
Τίτλος Ανάπτυξη Επιχειρηματικού Σχεδίου για την Σύσταση της Επιχείρησης ''The Beacon of Gastronomy''
260 ## - PUBLICATION, DISTRIBUTION, ETC.
Date of publication, distribution, etc. 2017
300 ## - PHYSICAL DESCRIPTION
Extent 43
520 ## - SUMMARY, ETC.
Summary, etc. Εξώφυλλο-Λογότυπο, Brochure, Συστήνοντας την Ελλάδα - Introducing Greece, Πίνακες Περιεχομένων, Πρόλογος, Συνοπτική Παρουσίαση Επιχειρηματικού Σχεδίου, Αναλυτική Περιγραφή, του Γαστρονομικού Τουρισμού, Αναλυτικά η Γαστρονομική Προσέγγιση του Επιχειρηματικού Σχεδιού, Συστήνοντας τη Σαλαμίνα, Marketing Plan, Προϊόντα και Υπηρεσίες, Ανάλυση της Αγοράς, Έρευνα Αγοράς: Ερωτηματολόγιο και Απαντήσεις και Συμπεράσματα, Στρατηγική Εμπορικής Προώθησης (Marketing Strategy), Ανάλυση P.E.S.T. (Ανάλυση Περιβάλλοντος) και Ανάλυση S.W.O.T. (Θετικών και Αρνητικών Στοιχείων), Δομή και Ιδιοκτησία της Επιχείρησης, Διοίκηση (Management), Βασικοί Στόχοι (Key Objectives), Κίνδυνοι (Risks), Χρηματοοικονομικές Πληροφορίες, Τιμολόγηση, Πρόβλεψη Αποτελεσμάτων Πρώτου Έτους, Πηγές Χρηματοδότησης, Προσδιορισμός Νεκρού Σημείου (Break-even Analysis), Επίλογος, Βιβλιογραφία.
700 1# - ΠΡΟΣΘΕΤΗ ΑΝΑΓΡΑΦΗ--ΦΥΣΙΚΟ ΠΡΟΣΩΠΟ
Personal name Γκουγκουλίδης Παναγιώτης
9 (RLIN) 9151
700 1# - ΠΡΟΣΘΕΤΗ ΑΝΑΓΡΑΦΗ--ΦΥΣΙΚΟ ΠΡΟΣΩΠΟ
Personal name Λουτράρη Καλλιόπη
9 (RLIN) 9152
942 ## - ADDED ENTRY ELEMENTS (KOHA)
Koha item type Διπλωματική εργασία
Holdings
Τύπος τεκμηρίου Βιβλιοθήκη Τρέχουσα τοποθεσία Barcode Ημερομηνία απόκτησης Ταξιθετικό σύμβολο Αριθμός αντιτύπου Κατάσταση απόσυρσης Κατάσταση χαμένου Κατάσταση κατεστραμμένου Μη δανεισμός Σύνολο δανεισμών Ημερομηνία τελευταίας εμφάνισης Η τιμή ισχύει από
Διπλωματική εργασία MC Athens Campus Library MC Athens Campus Library 9780000085672 05/06/2025 TOUR 2017 (29) 1           05/06/2025 05/06/2025

MC Athens Campus Library
Πατησίων 94 & Κοδριγκτώνος 13, 104 34
Πελλήνης 8 & Πατησίων 107, 112 51
Τ: +30 210 8899600

MC Thessaloniki Campus Library
Ίωνος Δραγούμη 21, 54625 | Ίωνος Δραγούμη 15, 54625
Τ: +30 2310 287779 – Τ: +30 2314 440300